• 首页
  • 本馆介绍
  • 公告通知
  • 最新文献
  • 馆藏检索
  • 电子资源
  • 读者导购
  • 参考咨询
  • 我的图书馆
  • 登录
  • 详细信息显示
  • 放入我的书架
  • 预约/预借图书
  • 作者相关作品
  • 分类相关作品
  • 丛书相关作品
  • 出版社相关作品

书目信息

  • 表格格式
  • 工作单格式
  • 卡片格式
题名:
基因农业法律法规
    
 
作者: 李勇 主编
分册:  
出版信息: 汕头   汕头大学出版社  2017.10
页数: 288页
开本: 22cm
丛书名: 农业科技法律法规学习读本
单 册:
中图分类: D922.44
科图分类:
主题词: 作物--转基因技术--农业法--中国--学习参考资料
电子资源:
ISBN: 978-7-5658-3197-3
000 01210oam2 2200253 45
001 012001002983
005 20140926114740.0
010    @a978-7-5658-3197-3@dCNY29.80
100    @a20171027d2017 em y0chiy0110 ea
101 0  @achi
102    @aCN@b440000
105    @ay z 000yy
106    @ar
200 1  @a基因农业法律法规@9ji yin nong ye fa lv fa gui@f李勇主编
210    @a汕头@c汕头大学出版社@d2017.10
215    @a288页@d22cm
225 2  @a农业科技法律法规学习读本
330    @a本作品包括了广大人民群众应知应懂、实际实用的有关基因农业的法律法规,同时附录还列举了相应的释义解析、解读解答、案例分析、实施细则、政策制度、应用表格等内容,用以配套辅导学习。本套作品共计2册,本册包括《农业转基因生物安全管理条例》《农业转基因生物进口安全管理办法》《关于转基因审批方面的管理办法》《农业转基因生物标识管理办法》《农业转基因生物标识审查认可程序》《进出境转基因产品检验检疫管理办法》《转基因棉花种子生产经营许可规定》《转基因作物田间试验安全检查指南》等法律法规内容。
461  0 @12001 @a农业科技法律法规学习读本
606 0  @a作物@x转基因技术@x农业法@y中国@j学习参考资料
690    @aD922.44@v5
701  0 @a李勇@9li yong@4主编
801  0 @aCN@b上海新华@c20180901
905    @b1161870-4@dD922.44@e1950@f5
    
    基因农业法律法规/李勇主编.-汕头:汕头大学出版社,2017.10
    288页;22cm.-(农业科技法律法规学习读本)
    
    
    ISBN 978-7-5658-3197-3:CNY29.80
    本作品包括了广大人民群众应知应懂、实际实用的有关基因农业的法律法规,同时附录还列举了相应的释义解析、解读解答、案例分析、实施细则、政策制度、应用表格等内容,用以配套辅导学习。本套作品共计2册,本册包括《农业转基因生物安全管理条例》《农业转基因生物进口安全管理办法》《关于转基因审批方面的管理办法》《农业转基因生物标识管理办法》《农业转基因生物标识审查认可程序》《进出境转基因产品检验检疫管理办法》《转基因棉花种子生产经营许可规定》《转基因作物田间试验安全检查指南》等法律法规内容。
●
相关链接 在E读中查询图书 在五车中查询图书 在当当中查询图书 在豆瓣中查询图书


正题名:基因农业法律法规     索取号:D922.44/1950         预约/预借

序号 登录号 条形码 馆藏地/架位号 状态 备注
1 1161870   211618702   第一样本阅览室/ [索取号:D922.44/1950] 在馆    
2 1161871   211618711   密集书库-史法系/ [索取号:D922.44/1950] 在馆    
3 1161872   211618720   第一借阅区/ [索取号:D922.44/1950] 在馆    
4 1161873   211618739   第一借阅区/ [索取号:D922.44/1950] 在馆    
5 1161874   211618748   第一借阅区/ [索取号:D922.44/1950] 在馆    
唐山师范学院图书馆 欢迎您!
大连网信软件有限公司© 版权所有